Regionálne voľby verejnosť nezaujímajú

Bibliographic Details
Format: Article
Language:Slovak
PhysicalDescription:Mp.
ISSN:1335-4051
Subjects:

MARC

LEADER 00000nab a2200000 a 4500
001 vtls008306900
003 SK-MaSNL
005 20260303094458.0
008 051102c20051019xo ur| 0 0slo
015 |a SNBRB2005/11 
038 |a RVGKPD 
040 |a RVGKPD  |b slo  |c RVGKPD  |e AACR2 
041 0 |a slo 
044 |a xo  |c SK 
080 |a 324  |x (437.6)  |2 UDC-MRF-SK2 
080 |a 353.2  |2 UDC-MRF-SK2 
245 0 0 |a Regionálne voľby verejnosť nezaujímajú  |c [autor] (odu) 
300 |b Mp. 
650 0 7 |a vyššie územné celky  |2 rvgkpd  |9 28700 
650 0 7 |a regionálne voľby  |2 rvgkpd  |9 29176 
773 0 |t Pravda  |g Roč. XV, č. 242 (19.10.2005), s. 3  |x 1335-4051 
852 |a RVGKPD  |b KIS3G 
992 |a RBX 
999 |c 1820821  |d 1822751